000 02272nam a22003257a 4500
999 _c21874
_d21874
003 AR-CdUCM
008 190425b ||||| |||| 00| 0 spa d
040 _aMUNICIPALIDAD PROVINCIAL DEL CUSCO
_cBIBLIOTECA MUNICIPAL DEL CUSCO
082 _aRev.AHC/N°2/1951
110 _aArchivo Regional del Cusco
_946600
245 _aRevista del Archivo Histórico del Cuzco /
_cUniversidad Nacional del Cuzco
260 _aCusco :
_bH.G. Rozas,
_c1951.
300 _a403 páginas. :
_bilustraciones ;
_c21 cm.
440 _aRevista del Archivo Histórico.
_nAño II, 1951, N°2.
_946601
505 _aContenido: Nuevo Rector de la Universidad Dr. Luis F. Paredes. -- Junta reorganizadora de la Universidad del Cuzco. -- Documentos sobre el Inca Garcilaso de la Vega. -- Documentos sobre la Batalla de Ayacucho. -- Documentos referentes a la Revolución de 1780. -- Intento de sublevación en el obraje de Pichuichuro. -- Primer Congreso Internacional de Peruanistas. -- El Ccoricancha y el Ajllahuasi. -- Documentos referentes al Brigadier Pumaccahua y la revolución de 1814. -- Nombres de próceres a las escuelas. -- Inventario de documentos pasados de la Biblioteca. -- Esclavos escrituras de los siglos XVI, XVII, XVIII y XIX. -- Documentos relativos al colegio de San Bernardo. -- Licencia para el funcionamiento de una escuela rentas eclesiásticas. -- Documentos relativos al Colegio de San Francisco de Borja. -- Capilla de Loreto. -- Bolívar. -- Informaciones coloniales sobre libertad y tratamiento de los indios. -- Arte Cuzqueño. -- Archivos Notariales del Cuzco. -- Documentos sobre la Universidad del Cuzco. -- Genealogía de los Incas. -- Escudo nobiliario de los Tupac Amaru. -- Inventarios del Archivo del Colegio de Ciencias.
650 _aHistoria del Cusco
_91714
650 _aFuentes escritas
_92045
650 _aArchivos históricos
_944088
650 _aInca Garcilaso de la Vega
_9300
650 _aBatalla de Ayacucho
_924711
650 _aMateo Pumacahua
_945788
650 _aSimón Bolívar
_91694
650 _aQorikancha
_930993
650 _aMonumentos históricos
_96891
650 _aArte cusqueño
_913165
700 _aCornejo Bouroncle, Jorge
_915278
700 _aParedes, Luis Felipe
_916077
942 _2ddc
_cPP
945 _arac